000 00964nam a2200265Ia 4500
003 OSt
005 20221002045747.0
006 a|||||r|||| 00| 0
007 ta
008 220930b |||||||| |||| 00| 0 hin d
020 _a9788170168690 (hbk)
_c3600
024 _a16627
037 _b24018, 27/03/2015, Kitab Ghar
_cReference Collections
040 _aCRL
_cCRL
_bhin
041 _2hin
_ahin
082 _aR4k, 152P9.1-.6(RR)
100 _aनीरू
245 0 _aमानव - मूल्य व्याख्या कोश
260 _aनई
_bदिल्ली किताबघर
_c2009
490 _vभाग 1
650 _aभारतीय दर्शन
700 _a मैनी, धर्मपाल, संपा.
942 _hR4k, 152P9.1-.6(RR)
_cref
_2CC
999 _c913122
_d913122